Planeación financiera a corto plazo de la Universidad Autónoma de Chinandega Presbítero Tomas Ruiz.
Presenta la propuesta de un modelo de planeación y gestión financiera por el periodo 2011 - 2012 para la Universidad Autónoma de Chinandega UACH, sede de Managua, incluye análisis de estados financieros históricos, presupuestos de ingresos, costos, gastos operativos y estado de resultados y pro...
| Main Authors: | , |
|---|---|
| Other Authors: | |
| Format: | Tesis Section = Libro |
| Language: | Undetermined Spanish |
| Published: |
Managua
UNI
2012
|
| Subjects: |
| LEADER | 01097nam a2200241Ia 4500 | ||
|---|---|---|---|
| 008 | 240830s9999 xx 000 0 und d | ||
| 040 | |a BIBLIOTECA-RUSB/ M.Mon 658.15 V297 | ||
| 041 | |a spa | ||
| 082 | |a M.Mon 658.15 V297 | ||
| 100 | 1 | |a Vargas Genie, Mariangel | |
| 100 | 1 | |b Blandón Sandoval, Juan José | |
| 245 | 1 | 0 | |a Planeación financiera a corto plazo de la Universidad Autónoma de Chinandega Presbítero Tomas Ruiz. |
| 260 | |a Managua |b UNI |c 2012 | ||
| 300 | |a 79 p. :il. | ||
| 502 | |a Tesis (Máster en Gestión Universitaria) - UNI, 2012. | ||
| 520 | 3 | |a Presenta la propuesta de un modelo de planeación y gestión financiera por el periodo 2011 - 2012 para la Universidad Autónoma de Chinandega UACH, sede de Managua, incluye análisis de estados financieros históricos, presupuestos de ingresos, costos, gastos operativos y estado de resultados y propuesta de un modelo de control. | |
| 650 | 7 | |a FINANZAS | |
| 650 | 7 | |b CONTROL FINANCIERO | |
| 650 | 7 | |c ADMINISTRACION FINANCIERA | |
| 700 | 1 | |a Tutor: |b Narváez, Andres | |
| 942 | |c BK |2 ddc | ||
| 991 | |a TESIS | ||
| 999 | |c 19345 | ||